Mazda Car Models Worldwide 2024-25 - Statistics

General Stats
  • This quiz has been taken 539 times
    177 since last reset
  • The average score is 21 of 35
Answer Stats
Hint Answer % Correct
Compact Sedan 3
94%
Compact Hatchback 3 Hatchback
94%
Subcompact Crossover CX-3
93%
Midsize Sedan EV 6e/EZ-6
92%
Compact Crossover CX-5
91%
Subcompact Sedan 2
89%
Subcompact Hatchback 2 Hatchback
89%
Subcompact Hatchback Hybrid 2 Hybrid
89%
Roadster MX-5 Miata
86%
Fastback Roadster MX-5 Miata RF
86%
Midsize Crossover CX-90
78%
Midsize Crossover PHEV CX-90 PHEV
78%
Subcompact Crossover CX-30
74%
Subcompact Crossover EV CX-30 EV
74%
Compact Crossover CX-60
71%
Compact Crossover PHEV CX-60 PHEV
71%
Midsize Crossover CX-70
69%
Midsize Crossover PHEV CX-70 PHEV
69%
Compact Crossover CX-50
67%
Midsize Crossover CX-80
67%
Midsize Crossover PHEV CX-80 PHEV
67%
Compact Crossover CX-4
64%
Compact Crossover EV MX-30
44%
Midsize Pickup BT-50
41%
Commercial Van Bongo
33%
Commercial Van Bongo Brawny
33%
Kei Car Carol
29%
Light Commercial Vehicle Familia Van
24%
Commercial Truck Titan
23%
Kei Van Scrum
20%
Kei Car Flair
19%
Kei Car Flair Crossover
19%
Kei Car Flair Wagon
19%
Kei Car Flair Wagon Custom
19%
Kei Car Flair Wagon Tough
19%
No matching quizzes found
Score Distribution
Percent of People with Each Score
Percentile by Number Answered
Your Score History
You have not taken this quiz since the last reset